Xách ba lô lên và đi T.1
Đây là cuốn nhật ký hành trình đến Châu Á của Huyền chip, bao gồm các nước: Brunei, Malaysia, Myamar, Ấn Độ, Ai Cập, Israel, Palestine
Saved in:
| Main Author: | |
|---|---|
| Format: | Book |
| Language: | Undetermined |
| Published: |
H.
Văn học
2012
|
| Subjects: | |
| Online Access: | http://lrc.tdmu.edu.vn/opac/search/detail.asp?aID=2&ID=19014 |
| Tags: |
Add Tag
No Tags, Be the first to tag this record!
|
| Institutions: | Trung tâm Học liệu Trường Đại học Thủ Dầu Một |
|---|
| LEADER | 00943nam a2200229Ia 4500 | ||
|---|---|---|---|
| 001 | TDMU_19014 | ||
| 008 | 210410s9999 xx 000 0 und d | ||
| 082 | |a 895.9228403 | ||
| 090 | |b H527 | ||
| 100 | |a Huyền chip | ||
| 245 | 0 | |a Xách ba lô lên và đi | |
| 245 | 0 | |c Huyền chip | |
| 245 | 0 | |n T.1 | |
| 245 | 0 | |p Châu Á là nhà. Đừng khóc! | |
| 260 | |a H. | ||
| 260 | |b Văn học | ||
| 260 | |c 2012 | ||
| 300 | |a 471tr. | ||
| 520 | |a Đây là cuốn nhật ký hành trình đến Châu Á của Huyền chip, bao gồm các nước: Brunei, Malaysia, Myamar, Ấn Độ, Ai Cập, Israel, Palestine | ||
| 650 | |a Huyền chip (Nguyễn Thị Huyền Trang); Văn học Việt Nam |v Nhật ký |x Hành trình và du lịch | ||
| 856 | |u http://lrc.tdmu.edu.vn/opac/search/detail.asp?aID=2&ID=19014 | ||
| 980 | |a Trung tâm Học liệu Trường Đại học Thủ Dầu Một | ||